000 01348nam a2200361 c 4500
999 _c69178
_d69178
003 BLK
005 20250104162612.0
008 180408b bul|||||r ||||||| ||bul||
010 _aKNG00073520000
020 _a954-427-663-7
040 _aBLK
041 _aBUL
_cBUL
080 _aИстория на Европа
_b94(4)
_z94(4)
100 1 _aДейвис, Норман
_eпърви автор
_9267762
139 _aДейвис, Норман
_bД 34
245 1 0 _aЕвропа
_bИстория
_cНорман Дейвис; прев. Димитър Добрев.
257 _aGBR
260 _bАбагар
_c2005
300 _a1343 с.
_bс ил., к., 16 л. ил.
_c24 см
380 _a9
500 _aОриг. загл. Europe / Norman Davies. - Съдържа и Списък на капсулите ; Историческо резюме
650 4 _aЕвропа - история
_9255665
653 _aЕвропа
653 _aистория
700 _aДимитров, Димитър Добрев
_d1961 -
_gПреводач от английски език.
_9322262
852 _aЦб 232771
856 4 _qpdf
_i0.00
_ldisable
856 4 _qpdf
_i0.00
_ldisable
942 _cKNG
_n0
_011
_s1
944 _aCR
_c28.03.2007
_k30576
_lЦветомила Тодорова
944 _aED
_c01.12.2012
999 _d69178